000
00224 a2200097 4500
001
43999
100
_a
Nadve
245
_a
Thori dair apali haq kay sath
260
_a
Karachi
_b
Masjlis-e- Nashoriat
_c
090
_c
27737
_d
27737
942
_a
NUST-CAE
_c
M
_c
19710
999
_c
279072
_d
279072